[Event "61. BEM 2007"]
[Site "Dortmund"]
[Date "2007.03.15"]
[Round "9.24"]
[White "Krüger, Inge"]
[Black "Ackerhans, Gerd"]
[Result "1-0"]
[WhiteElo "1253"]
[BlackElo "1476"]
[PlyCount "103"]
[EventDate "2007.??.??"]
[Source "SG Dortmund"]
[SourceDate "2004.12.16"]

1. d4 Nf6 2. c4 e6 3. Nc3 Be7 4. Nf3 O-O 5. Bg5 Re8 6. e3 b6 7. Be2 Bb7 8. O-O
d6 9. Rc1 Nbd7 10. a3 c5 11. d5 exd5 12. cxd5 h6 13. Bh4 a6 14. e4 b5 15. b3 b4
16. axb4 cxb4 17. Na2 a5 18. Qc2 Rc8 19. Bc4 Qb6 20. Rfe1 Nh5 21. Bxe7 Rxe7 22.
Qd2 Nhf6 23. Qd3 Ng4 24. Qd4 Qxd4 25. Nxd4 Ngf6 26. f3 Ne5 27. Nf5 Rd7 28. Bb5
Rdc7 29. Rxc7 Rxc7 30. Nxd6 Bc8 31. Nc1 Bd7 32. Bxd7 Nfxd7 33. Rd1 Nb6 34. Ne2
a4 35. bxa4 Nxa4 36. Nd4 Nc3 37. Ra1 Nd3 38. N6b5 Nxb5 39. Nxb5 Rc5 40. Nd4
Rc1+ 41. Rxc1 Nxc1 42. d6 Kf8 43. d7 Ke7 44. Nc6+ Kxd7 45. Nxb4 Ne2+ 46. Kf2
Nf4 47. g3 Ne6 48. Ke3 g5 49. Nd5 Kd6 50. Nf6 Ke5 51. Ng4+ Kd6 52. Nxh6 1-0

[Event "61. BEM 2007"]
[Site "Dortmund"]
[Date "2007.03.15"]
[Round "9.25"]
[White "Schröder, Marcel"]
[Black "Rutmann, Ulrich"]
[Result "1-0"]
[WhiteElo "1440"]
[BlackElo "1367"]
[PlyCount "63"]
[EventDate "2007.??.??"]
[Source "SG Dortmund"]
[SourceDate "2004.12.16"]

1. e4 d6 2. d4 Nf6 3. Nc3 g6 4. Nf3 Bg7 5. h3 O-O 6. Be3 b6 7. Bb5 c6 8. Ba4
Bb7 9. O-O b5 10. Bb3 b4 11. e5 dxe5 12. dxe5 bxc3 13. exf6 Bxf6 14. bxc3 Bxc3
15. Rb1 Nd7 16. Bh6 Bg7 17. Bxg7 Kxg7 18. Qd4+ Kg8 19. Bxf7+ Rxf7 20. Rxb7 Nb6
21. Qxd8+ Rxd8 22. Rxa7 Rd5 23. Re1 Nd7 24. c4 Rd6 25. Ng5 Rf5 26. Rxe7 Nf8 27.
Rg7+ Kh8 28. Nf7+ Rxf7 29. Rgxf7 Ne6 30. Ra8+ Rd8 31. Rxd8+ Nxd8 32. Rf8+ 1-0

[Event "61. BEM 2007"]
[Site "Dortmund"]
[Date "2007.03.15"]
[Round "9.26"]
[White "Pachura, Karl-Heinz"]
[Black "Kiauka, Richard"]
[Result "1-0"]
[WhiteElo "1332"]
[BlackElo "1200"]
[PlyCount "119"]
[EventDate "2007.??.??"]
[Source "SG Dortmund"]
[SourceDate "2004.12.16"]

1. e4 e5 2. Nf3 Nf6 3. Nc3 c5 4. g3 Nc6 5. a3 Be7 6. d3 b6 7. h3 Bb7 8. Bg2 d5
9. exd5 Nxd5 10. O-O Nxc3 11. bxc3 Rb8 12. Re1 f6 13. Nh4 Qd7 14. Qh5+ Kd8 15.
Qg4 Qxg4 16. hxg4 g6 17. Rb1 Bd6 18. Nf3 Ne7 19. Nd2 Bxg2 20. Kxg2 Kc7 21. Ne4
f5 22. gxf5 Nxf5 23. Ng5 h6 24. Nf7 Rh7 25. Nxd6 Kxd6 26. Bb2 Re7 27. Re2 Rbe8
28. Rbe1 h5 29. Bc1 a6 30. Bg5 Re6 31. Kh3 a5 32. a4 Ng7 33. Rb1 Kc7 34. f3 Kb7
35. Rbe1 Kc6 36. g4 Kd6 37. Rb1 Kc6 38. Bh6 R8e7 39. Bxg7 hxg4+ 40. Kxg4 Rxg7
41. c4 Rge7 42. Rh1 Kc7 43. Rh6 Kc6 44. Kg5 Rg7 45. f4 Kd6 46. fxe5+ Rxe5+ 47.
Rxe5 Kxe5 48. c3 Ke6 49. Rxg6+ Rxg6+ 50. Kxg6 Ke5 51. Kg5 Ke6 52. Kf4 Kf6 53.
d4 cxd4 54. cxd4 Ke6 55. Ke4 Ke7 56. Kd5 Kd7 57. Ke5 Ke7 58. d5 Kd7 59. d6 Kd8
60. Ke6 1-0

[Event "61. BEM 2007"]
[Site "Dortmund"]
[Date "2007.03.15"]
[Round "9.27"]
[White "Schaefer, Ulrich"]
[Black "Milonas, Georgios"]
[Result "0-1"]
[WhiteElo "1347"]
[BlackElo "1398"]
[PlyCount "76"]
[EventDate "2007.??.??"]
[Source "SG Dortmund"]
[SourceDate "2004.12.16"]

1. e4 c5 2. Nf3 Nc6 3. d4 cxd4 4. Nxd4 Nf6 5. Nc3 e5 6. Nf3 d6 7. Bc4 h6 8. O-O
Bg4 9. h3 Bh5 10. Re1 Nd4 11. g4 Nxf3+ 12. Qxf3 Bg6 13. Bd2 Be7 14. Rad1 O-O
15. Bd5 Nxd5 16. Nxd5 Bh4 17. Bb4 a5 18. Bc3 Re8 19. Re3 Ra6 20. Red3 Re6 21.
Qg2 Rc6 22. f4 exf4 23. Rd4 Bf6 24. Nxf6+ Rxf6 25. e5 f3 26. Qf2 Re6 27. exd6
Rexd6 28. Qxf3 Rxd4 29. Rxd4 Qb6 30. Kh2 Qc7+ 31. Qf4 Qxf4+ 32. Rxf4 b5 33. a3
a4 34. Rf2 Kh7 35. h4 h5 36. Rg2 Rc4 37. Kh3 hxg4+ 38. Rxg4 Bf5 0-1

[Event "61. BEM 2007"]
[Site "Dortmund"]
[Date "2007.03.15"]
[Round "9.29"]
[White "Rabe, Mark"]
[Black "Gennat, Egon L"]
[Result "0-1"]
[WhiteElo "1004"]
[BlackElo "1518"]
[PlyCount "76"]
[EventDate "2007.??.??"]
[Source "SG Dortmund"]
[SourceDate "2004.12.16"]

1. Nf3 Nf6 2. g3 b6 3. Bg2 Bb7 4. d4 e6 5. Nc3 c5 6. e3 cxd4 7. exd4 Ba6 8. Ne5
d5 9. Nd3 Nc6 10. Be3 Be7 11. a3 O-O 12. b4 Bb7 13. b5 Na5 14. O-O Rc8 15. Bd2
Nc4 16. a4 Nxd2 17. Qxd2 Qc7 18. Bh3 Qxc3 19. Qe3 Ne4 20. Rac1 Bg5 21. Qe2 Qxd4
22. c3 Nxc3 23. Qe5 Bxc1 24. Qxd4 Ne2+ 25. Kh1 Nxd4 26. f4 Nb3 27. f5 d4+ 28.
Bg2 Bxg2+ 29. Kxg2 Rc2+ 30. Kh3 Re8 31. Nb4 Nd2 32. Rf2 Rc3 33. Rf4 e5 34. Rg4
Nf3 35. f6 Bh6 36. Nd5 Rc2 37. Ne7+ Rxe7 38. fxe7 Rxh2# 0-1

[Event "61. BEM 2007"]
[Site "Dortmund"]
[Date "2007.03.15"]
[Round "9.30"]
[White "Bötzel, Sascha"]
[Black "Müller, Michaela"]
[Result "1-0"]
[WhiteElo "1333"]
[BlackElo "1005"]
[PlyCount "65"]
[EventDate "2007.??.??"]
[Source "SG Dortmund"]
[SourceDate "2004.12.16"]

1. d4 e6 2. c4 d5 3. Nc3 Nf6 4. Bg5 c5 5. e3 Bd7 6. cxd5 exd5 7. Nxd5 Be7 8.
Nxe7 Qxe7 9. Nf3 b6 10. Bd3 O-O 11. O-O Bg4 12. Re1 Nbd7 13. h3 Bh5 14. g4 Bg6
15. Bxg6 fxg6 16. Qb3+ Qf7 17. Qxf7+ Rxf7 18. Bf4 Ne4 19. Ng5 Nxg5 20. Bxg5
Raf8 21. Re2 h6 22. Bh4 Rc8 23. Rc1 Rff8 24. Rec2 Rfe8 25. b4 Re6 26. d5 Re5
27. Rd1 g5 28. Bg3 Re4 29. bxc5 Rxc5 30. Rxc5 Nxc5 31. d6 Nd7 32. Rc1 Nc5 33.
Rxc5 1-0

[Event "61. BEM 2007"]
[Site "Dortmund"]
[Date "2007.03.15"]
[Round "9.31"]
[White "Wodzinski, Kristin"]
[Black "Dedeck, Sylvia"]
[Result "1-0"]
[WhiteElo "1057"]
[BlackElo "1034"]
[PlyCount "167"]
[EventDate "2007.??.??"]
[Source "SG Dortmund"]
[SourceDate "2004.12.16"]

1. d4 e6 2. c4 Nf6 3. Nc3 Bb4 4. Qc2 d5 5. Bg5 O-O 6. e3 Nbd7 7. cxd5 exd5 8.
a3 Bxc3+ 9. Qxc3 h6 10. Bf4 c6 11. Nf3 Ne4 12. Qb3 Nb6 13. Bd3 Bf5 14. O-O Qd7
15. Rfd1 c5 16. Bxe4 Bxe4 17. dxc5 Qa4 18. Qc3 Nd7 19. b3 Qc6 20. b4 Qg6 21.
Nh4 Qf6 22. Qxf6 Nxf6 23. Be5 Ng4 24. Bd6 Rfd8 25. Re1 Nf6 26. Be7 Re8 27. Bxf6
gxf6 28. f3 Bd3 29. Rad1 Bc4 30. Nf5 Kh7 31. Nd6 Re7 32. Rd4 Bb3 33. Rh4 Kg6
34. g4 Rh8 35. Nf5 Re5 36. f4 Re4 37. b5 Ra4 38. c6 bxc6 39. bxc6 Rc4 40. Rb1
Bc2 41. Rb8 Bxf5 42. Rxh8 Rc1+ 43. Kf2 Be4 44. R4xh6+ Kg7 45. g5 fxg5 46. fxg5
Rc2+ 47. Kg3 Bg6 48. Rd8 Rxc6 49. Rxd5 Rc7 50. Kf4 Re7 51. Rh3 Re4+ 52. Kf3 Ra4
53. Rd8 Rxa3 54. Rhh8 f6 55. gxf6+ Kxf6 56. Kf4 Ra5 57. Rh6 Rf5+ 58. Kg3 Rg5+
59. Kf2 Rf5+ 60. Ke2 Kg7 61. Rhh8 Bh5+ 62. Kd2 Rf2+ 63. Kc3 Rxh2 64. Ra8 Rh3
65. Kd4 Rh4+ 66. e4 Kg6 67. Rxa7 Kg5 68. Rg7+ Kf6 69. Rc7 Kg5 70. Kd5 Bf7+ 71.
Rxf7 Rxh8 72. e5 Rd8+ 73. Ke6 Kg6 74. Ke7 Rd5 75. e6 Re5 76. Kd6 Re3 77. Rf8
Re4 78. Kd5 Kg7 79. Rf1 Ra4 80. e7 Ra5+ 81. Kc6 Ra8 82. Rd1 Ra6+ 83. Kd7 Kf7
84. e8=Q+ 1-0

[Event "61. BEM 2007"]
[Site "Dortmund"]
[Date "2007.03.15"]
[Round "9.32"]
[White "Jentzsch, Werner Wilfried"]
[Black "Bollmann, Marcel"]
[Result "0-1"]
[WhiteElo "1423"]
[BlackElo "1280"]
[PlyCount "89"]
[EventDate "2007.??.??"]
[Source "SG Dortmund"]
[SourceDate "2004.12.16"]

1. d4 Nf6 2. c4 e5 3. dxe5 Ng4 4. e6 Bb4+ 5. Bd2 Bc5 6. exf7+ Kxf7 7. e3 d6 8.
Qf3+ Nf6 9. Nc3 Rf8 10. O-O-O Nc6 11. h3 Kg8 12. Bd3 Ne5 13. Qe2 Be6 14. f4
Nxd3+ 15. Qxd3 Qe7 16. Nf3 Kh8 17. Ng5 Bg8 18. g4 Rfe8 19. e4 h6 20. h4 Nxg4
21. Nd5 Nf2 22. Qc2 Bxd5 23. exd5 hxg5 24. hxg5+ Nxh1 25. Rxh1+ Kg8 26. Qh7+
Kf7 27. g6+ Kf6 28. Bc3+ Kf5 29. Qh5+ Ke4 30. Re1+ Be3+ 31. Kc2 Rh8 32. Qg4
Rh2+ 33. Kb1 Rf2 34. f5+ Rf4 35. Qg2+ Rf3 36. Qc2+ Kf4 37. Qh2+ Rg3 38. Rf1+
Kg4 39. Qe2+ Kg5 40. a3 Qe4+ 41. Ka2 Re8 42. Bxg7 Bf4 43. Qxe4 Rxe4 44. f6 Kxg6
45. f7 0-1

[Event "61. BEM 2007"]
[Site "Dortmund"]
[Date "2007.03.15"]
[Round "9.33"]
[White "Eickmann, Martin"]
[Black "Schoppe, Hans-Werner"]
[Result "0-1"]
[WhiteElo "778"]
[BlackElo "1178"]
[PlyCount "82"]
[EventDate "2007.??.??"]
[Source "SG Dortmund"]
[SourceDate "2004.12.16"]

1. e4 e6 2. Nc3 c6 3. Bc4 b5 4. Be2 a5 5. Bh5 Nf6 6. e5 Nxh5 7. Qxh5 g6 8. Qf3
Ba6 9. Nge2 Bg7 10. d4 O-O 11. O-O f6 12. exf6 Bxf6 13. Ne4 Be7 14. Qg4 Bc8 15.
Bh6 Rf5 16. N2g3 Rd5 17. Rad1 d6 18. Rfe1 e5 19. Qf3 exd4 20. b3 b4 21. c4 bxc3
22. Nf6+ Bxf6 23. Ne4 Be7 24. a3 Bf5 25. Ng3 Bc2 26. Rc1 Bxb3 27. Qg4 Re5 28.
Ne4 Be6 29. Qf3 Bd5 30. Bf4 Rf5 31. Red1 c5 32. h3 Nc6 33. g4 Rf7 34. Ng5 Bxf3
35. Nxf7 Kxf7 36. Re1 Qd7 37. Kh2 g5 38. Kg3 Bd5 39. Bxg5 Bxg5 40. Rcd1 Bd2 41.
Re2 d3 0-1

[Event "60. BEM 2006"]
[Site "Dortmund"]
[Date "2006.03.06"]
[Round "1.1"]
[White "Noori, Mir Ahmad"]
[Black "Eismont, Igor"]
[Result "0-1"]
[WhiteElo "1639"]
[BlackElo "2239"]
[PlyCount "48"]
[EventDate "2006.??.??"]
[Source "SG Dortmund"]
[SourceDate "2004.12.16"]

1. d4 Nf6 2. g3 e6 3. Bg2 c5 4. c3 d5 5. b3 Nc6 6. Nf3 Bd6 7. Bb2 O-O 8. O-O b6
9. e3 Ba6 10. Re1 Ne4 11. Nbd2 f5 12. a3 Rc8 13. Rc1 Qe7 14. b4 Bd3 15. Bf1
Bxf1 16. Rxf1 c4 17. Qe2 e5 18. dxe5 Bxe5 19. Rfd1 b5 20. Nd4 Bxd4 21. cxd4 f4
22. exf4 c3 23. Bxc3 Nxc3 24. Qxe7 Nxe7 0-1

[Event "60. BEM 2006"]
[Site "Dortmund"]
[Date "2006.03.06"]
[Round "1.2"]
[White "Goldschmidt, Christian"]
[Black "Ziemek, Gerhard"]
[Result "1-0"]
[WhiteElo "2085"]
[BlackElo "1591"]
[PlyCount "135"]
[EventDate "2006.??.??"]
[Source "SG Dortmund"]
[SourceDate "2004.12.16"]

1. e4 c5 2. c3 e5 3. d4 cxd4 4. cxd4 Bb4+ 5. Bd2 Qa5 6. dxe5 Bxd2+ 7. Qxd2 Qxe5
8. Nc3 Nf6 9. Nf3 Qe7 10. Bd3 O-O 11. O-O Nc6 12. Rfe1 d6 13. Nd5 Qd8 14. h3 h6
15. Rac1 Be6 16. Bc4 Ne5 17. Nd4 Nxc4 18. Rxc4 Nxe4 19. Rxe4 Bxd5 20. Rg4 f5
21. Nxf5 Rxf5 22. Rcd4 Be6 23. Rxd6 Qf6 24. Qe3 Re5 25. Re4 Rxe4 26. Qxe4 Re8
27. Qxb7 Qe5 28. Rd1 Rf8 29. Qxa7 Qxb2 30. a4 Bb3 31. Rd7 Qa1+ 32. Kh2 Bxa4 33.
Rd4 Qe1 34. Qxa4 Qe5+ 35. f4 Qe3 36. Re4 Qf2 37. Re8 Rxe8 38. Qxe8+ Kh7 39. Qe5
Kg8 40. Qe6+ Kh7 41. Qg4 Qd4 42. Qf5+ Kg8 43. Qe5 Qf2 44. Qe6+ Kh7 45. Qg4 Qd4
46. Qf3 Qd6 47. Qe4+ Kg8 48. Kg3 Qf6 49. Kg4 Qd6 50. f5 Qd1+ 51. Qf3 Qd4+ 52.
Kh5 Qd2 53. h4 Qd7 54. Qb3+ Kh7 55. Qe6 Qd1+ 56. g4 Qd3 57. Qg6+ Kg8 58. Qe6+
Kh7 59. Qf7 Qd4 60. Qg6+ Kg8 61. Qc6 Qd8 62. Kg6 Qf8 63. Qe6+ Kh8 64. f6 gxf6
65. Qxf6+ Qxf6+ 66. Kxf6 Kh7 67. h5 Kg8 68. Kg6 1-0

[Event "60. BEM 2006"]
[Site "Dortmund"]
[Date "2006.03.06"]
[Round "1.3"]
[White "Orlowski, Wilfried"]
[Black "Tkachuk, Sergiy"]
[Result "0-1"]
[WhiteElo "1590"]
[BlackElo "2068"]
[PlyCount "68"]
[EventDate "2006.??.??"]
[Source "SG Dortmund"]
[SourceDate "2004.12.16"]

1. c4 Nf6 2. Nc3 g6 3. e4 d6 4. d3 Bg7 5. Bd2 O-O 6. Qc1 Nc6 7. Bh6 Nd4 8. Bxg7
Kxg7 9. Be2 e5 10. Nf3 c5 11. O-O Be6 12. Ng5 h6 13. Nf3 a6 14. Bd1 Rb8 15.
Nxd4 cxd4 16. Nd5 b5 17. Nxf6 Qxf6 18. cxb5 Rfc8 19. Qd2 axb5 20. f4 exf4 21.
Rxf4 Qe5 22. Bg4 Bxg4 23. Rxg4 Rb7 24. Rf1 Rbc7 25. Qf2 f6 26. Qf5 g5 27. Rg3
Qxf5 28. Rxf5 Rc1+ 29. Rf1 Rxf1+ 30. Kxf1 Rc1+ 31. Kf2 Rc2+ 32. Kf3 Rxb2 33.
Kg4 Kg6 34. Kh3 h5 0-1

[Event "60. BEM 2006"]
[Site "Dortmund"]
[Date "2006.03.06"]
[Round "1.4"]
[White "Naundorf, Maik"]
[Black "Rzoczek, Christoph"]
[Result "1-0"]
[WhiteElo "2062"]
[BlackElo "1577"]
[PlyCount "63"]
[EventDate "2006.??.??"]
[Source "SG Dortmund"]
[SourceDate "2004.12.16"]

1. Nf3 d5 2. c4 Nf6 3. cxd5 Qxd5 4. Nc3 Qa5 5. d4 c6 6. Bd2 Qc7 7. e4 Bg4 8. h3
Bh5 9. Rc1 e6 10. Bd3 Be7 11. a3 O-O 12. O-O Nbd7 13. Qe2 a6 14. Rfd1 Rac8 15.
Bg5 Qd8 16. Bb1 h6 17. Be3 Qe8 18. Ba2 Bd8 19. Bf4 Bc7 20. Bxc7 Rxc7 21. e5 Nd5
22. Nxd5 exd5 23. Bxd5 Kh8 24. Be4 f6 25. g4 fxe5 26. Nxe5 Nxe5 27. dxe5 Re7
28. Rc5 Bg6 29. Bg2 b6 30. Bxc6 Rxe5 31. Rxe5 Qxc6 32. Re6 1-0

[Event "60. BEM 2006"]
[Site "Dortmund"]
[Date "2006.03.06"]
[Round "1.5"]
[White "Mueller, Siegfried"]
[Black "Zelt, Jens"]
[Result "1/2-1/2"]
[WhiteElo "1555"]
[BlackElo "2036"]
[PlyCount "124"]
[EventDate "2006.??.??"]
[Source "SG Dortmund"]
[SourceDate "2004.12.16"]

1. c4 e5 2. e4 Nc6 3. Nf3 Nf6 4. Nc3 Be7 5. d4 exd4 6. Nxd4 O-O 7. Bf4 Nxd4 8.
Qxd4 d6 9. Be2 Be6 10. Nd5 Bxd5 11. cxd5 Nd7 12. O-O Bf6 13. Qd2 Re8 14. f3 a6
15. Rab1 h6 16. b4 Bg5 17. Bxg5 Qxg5 18. Qxg5 hxg5 19. g4 Re7 20. Rfc1 Nf6 21.
Kf2 g6 22. Rb2 Ra7 23. a4 b6 24. Rbc2 Kf8 25. Rc3 Ke8 26. R3c2 Kd8 27. Rc3 Kc8
28. Rc6 Kb7 29. R6c2 Ra8 30. Bf1 Rf8 31. Rc3 Ne8 32. Bd3 Ng7 33. Kg2 f5 34. Bb1
fxg4 35. fxg4 Rf4 36. h3 Ref7 37. Kg3 R4f6 38. Re3 Ne8 39. Bd3 Rf8 40. Be2 R6f7
41. Rf3 Nf6 42. Rc4 Nd7 43. Rxf7 Rxf7 44. Rc3 Ne5 45. Bf3 Rf4 46. Re3 Rf8 47.
Rc3 Rf7 48. Bg2 Rf4 49. Re3 Rf8 50. Rc3 Nd7 51. Rf3 Rxf3+ 52. Bxf3 a5 53. bxa5
bxa5 54. Bd1 Ne5 55. h4 gxh4+ 56. Kxh4 Nf7 57. Be2 Kc8 58. Kg3 g5 59. Kf2 Kb7
60. Ke3 Kb6 61. Kd4 Ne5 62. Bd1 Kb7 1/2-1/2

[Event "60. BEM 2006"]
[Site "Dortmund"]
[Date "2006.03.06"]
[Round "1.6"]
[White "Zimmermann, Dirk"]
[Black "Benke, Werner"]
[Result "1-0"]
[WhiteElo "2006"]
[BlackElo "1552"]
[PlyCount "43"]
[EventDate "2006.??.??"]
[Source "SG Dortmund"]
[SourceDate "2004.12.16"]

1. Nf3 Nf6 2. g3 b6 3. Bg2 Bb7 4. O-O g6 5. d3 Bg7 6. e4 d6 7. Nbd2 e5 8. c3
O-O 9. Re1 Re8 10. a4 a5 11. Nc4 Nbd7 12. Ne3 c5 13. Qb3 Qc7 14. Ng5 Re7 15.
Nh3 Nh5 16. Nc4 Kh8 17. f4 exf4 18. Bxf4 Be5 19. Bg5 Bf6 20. Rf1 Bxg5 21. Nxg5
Kg7 22. Rxf7+ 1-0

[Event "60. BEM 2006"]
[Site "Dortmund"]
[Date "2006.03.06"]
[Round "1.7"]
[White "Stiebel, Erhard"]
[Black "Begna, Bozidar"]
[Result "0-1"]
[WhiteElo "1548"]
[BlackElo "2002"]
[PlyCount "80"]
[EventDate "2006.??.??"]
[Source "SG Dortmund"]
[SourceDate "2004.12.16"]

1. d4 Nf6 2. Nf3 c5 3. e3 d5 4. c3 e6 5. Bd3 Nc6 6. Nbd2 Qc7 7. O-O Bd6 8. e4
cxd4 9. cxd4 e5 10. dxe5 Nxe5 11. Bb5+ Bd7 12. Bxd7+ Nfxd7 13. exd5 O-O 14. Ne4
Nxf3+ 15. Qxf3 Bxh2+ 16. Kh1 Be5 17. Be3 Nf6 18. Rac1 Qd7 19. Nxf6+ Bxf6 20. b3
Rfe8 21. Rc4 Be5 22. Rd1 Qd6 23. g3 a5 24. Kg2 Rad8 25. Bc5 Qa6 26. Bd4 Bxd4
27. Rcxd4 Rd6 28. Re4 Qb5 29. Rde1 Rxe4 30. Qxe4 g6 31. Qe8+ Qxe8 32. Rxe8+ Kg7
33. Rb8 Rd7 34. a3 Kf6 35. b4 axb4 36. axb4 Ke5 37. f3 h5 38. Re8+ Kxd5 39. Re4
Rc7 40. Rf4 f5 0-1

[Event "60. BEM 2006"]
[Site "Dortmund"]
[Date "2006.03.06"]
[Round "1.8"]
[White "Borjini, Mohamed"]
[Black "Wilms, Christoph"]
[Result "1-0"]
[WhiteElo "1979"]
[BlackElo "1526"]
[PlyCount "65"]
[EventDate "2006.??.??"]
[Source "SG Dortmund"]
[SourceDate "2004.12.16"]

1. Nf3 c5 2. c4 Nf6 3. g3 d6 4. Bg2 g6 5. O-O Bg7 6. d4 O-O 7. Nc3 Na6 8. h3
Nc7 9. e4 cxd4 10. Nxd4 Ne6 11. Be3 Rb8 12. Rc1 Bd7 13. Qd2 Qc8 14. Nd5 Re8 15.
Kh2 b6 16. b4 Qa6 17. Nxe6 Nxd5 18. cxd5 fxe6 19. Rc7 Rb7 20. Rxb7 Qxb7 21.
dxe6 Bxe6 22. e5 d5 23. f4 Qd7 24. Rc1 Rd8 25. Bd4 Rc8 26. Rd1 Qa4 27. Rc1 Rxc1
28. Qxc1 Qd7 29. Qa3 h5 30. Qa6 Qc7 31. a4 Bc8 32. Qd3 Bd7 33. Qxg6 1-0

[Event "60. BEM 2006"]
[Site "Dortmund"]
[Date "2006.03.06"]
[Round "1.9"]
[White "Schrimpl, Michael"]
[Black "Tkachuk, Konstantyn"]
[Result "0-1"]
[WhiteElo "1497"]
[BlackElo "1927"]
[PlyCount "58"]
[EventDate "2006.??.??"]
[Source "SG Dortmund"]
[SourceDate "2004.12.16"]

1. c4 Nf6 2. d4 g6 3. Nc3 Bg7 4. e4 d6 5. Be2 O-O 6. f4 e5 7. Nf3 Nbd7 8. O-O
c6 9. Kh1 Qc7 10. Qc2 a6 11. b4 Re8 12. dxe5 dxe5 13. f5 a5 14. b5 gxf5 15.
exf5 e4 16. Ng5 Nc5 17. Be3 Qe5 18. Bf4 Qxf5 19. Rad1 Qg6 20. h4 h6 21. Be3
hxg5 22. Bxg5 Bg4 23. Rd6 Re6 24. Rfd1 Nd3 25. Rxe6 fxe6 26. Kg1 Bf5 27. bxc6
bxc6 28. Qb3 Bh6 29. Qb7 Rf8 0-1

[Event "60. BEM 2006"]
[Site "Dortmund"]
[Date "2006.03.06"]
[Round "1.10"]
[White "Büchle, Manfred"]
[Black "Ruchay, Dietrich"]
[Result "1-0"]
[WhiteElo "1908"]
[BlackElo "1490"]
[PlyCount "55"]
[EventDate "2006.??.??"]
[Source "SG Dortmund"]
[SourceDate "2004.12.16"]

1. e4 c5 2. Nf3 d6 3. d4 cxd4 4. Nxd4 Nf6 5. Nc3 a6 6. Bg5 e6 7. Qd2 Be7 8.
O-O-O Nbd7 9. f4 Qc7 10. f5 e5 11. Nb3 b5 12. a3 Bb7 13. Bd3 Rc8 14. Kb1 O-O
15. g4 Nc5 16. Bxf6 Bxf6 17. g5 Nxb3 18. cxb3 Be7 19. f6 Bd8 20. fxg7 Re8 21.
h4 Qe7 22. Rhf1 Kxg7 23. Qe2 Qe6 24. Nd5 Bxd5 25. exd5 Qxd5 26. Bxh7 Qxd1+ 27.
Qxd1 Rh8 28. Qh5 1-0

[Event "60. BEM 2006"]
[Site "Dortmund"]
[Date "2006.03.06"]
[Round "1.11"]
[White "Grawe, Herbert"]
[Black "Mrozinski, Werner"]
[Result "0-1"]
[WhiteElo "1477"]
[BlackElo "1899"]
[PlyCount "40"]
[EventDate "2006.??.??"]
[Source "SG Dortmund"]
[SourceDate "2004.12.16"]

1. d4 c5 2. c3 cxd4 3. cxd4 d5 4. e4 dxe4 5. Nc3 Nf6 6. f3 exf3 7. Nxf3 e6 8.
Bd3 Be7 9. O-O Nc6 10. a3 Qb6 11. Ne2 O-O 12. Kh1 Rd8 13. b4 e5 14. dxe5 Ng4
15. b5 Ncxe5 16. Nxe5 Nxe5 17. Bxh7+ Kxh7 18. Qc2+ Nd3 19. Rf3 Qg6 20. Qc3 Bf6
0-1

[Event "60. BEM 2006"]
[Site "Dortmund"]
[Date "2006.03.06"]
[Round "1.12"]
[White "Barskij, Aleksandr"]
[Black "Zabel, Reinhard"]
[Result "1-0"]
[WhiteElo "1891"]
[BlackElo "1466"]
[PlyCount "75"]
[EventDate "2006.??.??"]
[Source "SG Dortmund"]
[SourceDate "2004.12.16"]

1. e4 e5 2. Nf3 d6 3. d4 exd4 4. Nxd4 Nf6 5. Nc3 Nc6 6. Bb5 Bd7 7. Bxc6 Bxc6 8.
Nxc6 bxc6 9. Qf3 Qd7 10. h3 Be7 11. Bg5 O-O 12. O-O h6 13. Bh4 Nh7 14. Bxe7
Qxe7 15. e5 d5 16. Rfe1 Ng5 17. Qe3 Ne6 18. Ne2 Qc5 19. Qxc5 Nxc5 20. Nd4 Rab8
21. Rab1 Rb6 22. b4 Ne6 23. Nxe6 fxe6 24. Rb3 Rfb8 25. Reb1 c5 26. bxc5 Rxb3
27. Rxb3 Rxb3 28. axb3 Kf7 29. f4 Kg6 30. g4 a5 31. c6 Kf7 32. f5 exf5 33. gxf5
g5 34. c3 h5 35. Kf2 Ke7 36. Ke3 Kf7 37. Kd4 h4 38. Ke3 1-0

[Event "60. BEM 2006"]
[Site "Dortmund"]
[Date "2006.03.06"]
[Round "1.13"]
[White "Skoecz, Horst"]
[Black "Zeldin, Vitali"]
[Result "0-1"]
[WhiteElo "1456"]
[BlackElo "1886"]
[PlyCount "60"]
[EventDate "2006.??.??"]
[Source "SG Dortmund"]
[SourceDate "2004.12.16"]

1. e4 c5 2. c3 g6 3. Nf3 Bg7 4. d4 cxd4 5. Nxd4 Nf6 6. Nd2 O-O 7. N4f3 d6 8.
Be2 Nc6 9. O-O Qc7 10. Nd4 Rd8 11. Nxc6 bxc6 12. Qc2 a5 13. Bf3 a4 14. a3 Be6
15. c4 Nd7 16. Nb1 Rdb8 17. Nc3 Bxc4 18. Re1 Ne5 19. Nxa4 Bb3 20. Qe2 Bxa4 21.
Bf4 Rxb2 22. Qe3 Rb3 23. Qd2 Nxf3+ 24. gxf3 Bxa1 25. Rxa1 Qa5 26. Qd4 e5 27.
Qxd6 exf4 28. Qxf4 Qc3 29. Rc1 Qxf3 30. Qxf3 Rxf3 0-1

[Event "60. BEM 2006"]
[Site "Dortmund"]
[Date "2006.03.06"]
[Round "1.14"]
[White "Hartung, Thomas"]
[Black "Schröder, Marcel"]
[Result "1-0"]
[WhiteElo "1866"]
[BlackElo "1452"]
[PlyCount "41"]
[EventDate "2006.??.??"]
[Source "SG Dortmund"]
[SourceDate "2004.12.16"]

1. e4 d5 2. exd5 Qxd5 3. Nc3 Qa5 4. Bc4 Nf6 5. d4 c6 6. Nf3 Bf5 7. O-O e6 8.
Bd2 Nbd7 9. Re1 Bd6 10. Nb5 Bb4 11. Nd6+ Kf8 12. Bxb4 Qxb4 13. Nxf5 Qxc4 14.
Ne5 Qd5 15. c4 Qa5 16. Nd6 Nxe5 17. dxe5 Nd7 18. Nxf7 Kxf7 19. Qxd7+ Kf8 20.
Re3 Rd8 21. Rf3+ 1-0

[Event "60. BEM 2006"]
[Site "Dortmund"]
[Date "2006.03.06"]
[Round "1.16"]
[White "Hardt, Helmut"]
[Black "Dörre, Niels"]
[Result "1-0"]
[WhiteElo "1861"]
[BlackElo "1417"]
[PlyCount "59"]
[EventDate "2006.??.??"]
[Source "SG Dortmund"]
[SourceDate "2004.12.16"]

1. e4 c5 2. Nf3 d6 3. Bb5+ Bd7 4. Bxd7+ Qxd7 5. O-O Nc6 6. c3 Nf6 7. Re1 g6 8.
d4 cxd4 9. cxd4 e6 10. Nc3 Bg7 11. d5 Ne7 12. dxe6 fxe6 13. Bg5 O-O-O 14. Qb3
Kb8 15. Nd4 d5 16. Bf4+ Ka8 17. Ncb5 Ne8 18. exd5 Qxd5 19. Qa4 Bxd4 20. Rad1
Bxf2+ 21. Kxf2 Qc5+ 22. Be3 Rf8+ 23. Kg1 Rxd1 24. Qxd1 Qd5 25. Qa4 a6 26. Rd1
Nf5 27. Rxd5 exd5 28. Bc5 Rg8 29. Qa5 Nf6 30. Qb6 1-0

[Event "60. BEM 2006"]
[Site "Dortmund"]
[Date "2006.03.06"]
[Round "1.17"]
[White "Gegner, Michael"]
[Black "Ziperstein, Jakob"]
[Result "0-1"]
[WhiteElo "1412"]
[BlackElo "1838"]
[PlyCount "38"]
[EventDate "2006.??.??"]
[Source "SG Dortmund"]
[SourceDate "2004.12.16"]

1. d4 Nf6 2. Nc3 g6 3. e4 d6 4. f4 Bg7 5. Nf3 O-O 6. e5 Ne8 7. Ne2 c5 8. c3 Bg4
9. Ng3 cxd4 10. cxd4 Qb6 11. Be2 Nc6 12. Be3 Bxf3 13. Bxf3 dxe5 14. Bxc6 bxc6
15. fxe5 Bxe5 16. b3 Qb4+ 17. Kf2 Rd8 18. Ne2 Nf6 19. h3 c5 0-1

[Event "60. BEM 2006"]
[Site "Dortmund"]
[Date "2006.03.06"]
[Round "1.18"]
[White "Gorzinski, Dariusz"]
[Black "Schaefer, Ulrich"]
[Result "1-0"]
[WhiteElo "1830"]
[BlackElo "1412"]
[PlyCount "85"]
[EventDate "2006.??.??"]
[Source "SG Dortmund"]
[SourceDate "2004.12.16"]

1. c4 e5 2. Nc3 Nf6 3. g3 c6 4. Bg2 d5 5. cxd5 cxd5 6. d4 exd4 7. Qxd4 Nc6 8.
Qa4 Be6 9. e3 Be7 10. Nge2 O-O 11. O-O Qd7 12. Nf4 Rfd8 13. Nxe6 fxe6 14. Rd1
Nb4 15. a3 Qxa4 16. Nxa4 Nc6 17. b4 a6 18. Nb6 Rab8 19. Bb2 Rd6 20. Rac1 Rbd8
21. Na4 Rf8 22. Nc5 Nd8 23. e4 dxe4 24. Rxd6 Bxd6 25. Nxe4 Be7 26. Rc7 Nd5 27.
Rd7 h6 28. Nc5 Bf6 29. Bxf6 Nxf6 30. Re7 Nd5 31. Bxd5 exd5 32. Rd7 Nc6 33. Rxb7
Rd8 34. Rd7 Rxd7 35. Nxd7 d4 36. Kf1 d3 37. Nc5 Ne5 38. Nxa6 Nf3 39. b5 Nxh2+
40. Ke1 Nf3+ 41. Kd1 Nd4 42. b6 Nc2 43. b7 1-0